| 000 | 00676nam a22001937a 4500 | ||
|---|---|---|---|
| 999 |
_c19849 _d19849 |
||
| 003 | AR-CdUCM | ||
| 008 | 190522b ||||| |||| 00| 0 spa d | ||
| 040 |
_aMUNICIPALIDAD PROVINCIAL DEL CUSCO _cBIBLIOTECA MUNICIPAL DEL CUSCO |
||
| 082 |
_a323.44 / _bS57 |
||
| 100 |
_aSington. Derrick / _941495 |
||
| 245 | _aLibertad de expresión : | ||
| 260 |
_aMexico : _bTrillas, _c1964. |
||
| 300 |
_a150 Páginas ; _c22 cm. |
||
| 505 | _aContenido: Sobre la libertad -- Los limites de la difamación -- La falacia " totalitaria" ... | ||
| 650 |
_aLibertad de expresión _941496 |
||
| 650 |
_aTécnicas de expresión _941497 |
||
| 942 |
_2ddc _cLIBROS |
||
| 945 |
_aAndy _d2019-05-22 |
||